ARRUPE JESUIT UNIVERSITY

CORONAVIRUS -STOP THE SPREAD - CLEAN,DISINFECT,COVER

Presocratic philosophy (Record no. 5215)

MARC details
000 -LEADER
fixed length control field 00579nam a2200241Ia 4500
003 - CONTROL NUMBER IDENTIFIER
control field 0100
008 - FIXED-LENGTH DATA ELEMENTS--GENERAL INFORMATION
fixed length control field 130227s9999 xx 000 0 und d
020 ## - INTERNATIONAL STANDARD BOOK NUMBER
International Standard Book Number 9780192840943
040 ## - CATALOGING SOURCE
Transcribing agency ARRUPELIB
050 ## - LIBRARY OF CONGRESS CALL NUMBER
Classification number B187.5.O82 2004
100 ## - MAIN ENTRY--PERSONAL NAME
Personal name Osborne, Catherine
245 ## - TITLE STATEMENT
Title Presocratic philosophy
245 ## - TITLE STATEMENT
Remainder of title A very short introduction
260 ## - PUBLICATION, DISTRIBUTION, ETC. (IMPRINT)
Place of publication, distribution, etc Oxford
260 ## - PUBLICATION, DISTRIBUTION, ETC. (IMPRINT)
Name of publisher, distributor, etc Oxford University Press
260 ## - PUBLICATION, DISTRIBUTION, ETC. (IMPRINT)
-- 2004
300 ## - PHYSICAL DESCRIPTION
Extent 144p
300 ## - PHYSICAL DESCRIPTION
Other physical details 17cm
440 ## - SERIES STATEMENT/ADDED ENTRY--TITLE
Title Very short introductions
650 ## - SUBJECT ADDED ENTRY--TOPICAL TERM
Topical term following geographic name as entry element Consolation
650 ## - SUBJECT ADDED ENTRY--TOPICAL TERM
Location of event Christian life
942 ## - ADDED ENTRY ELEMENTS (KOHA)
Source of classification or shelving scheme Library of Congress Classification
Koha issues (borrowed), all copies 5
Holdings
Withdrawn status Lost status Source of classification or shelving scheme Damaged status Not for loan Collection code Home library Current library Shelving location Date acquired Total Checkouts Full call number Barcode Date last seen Date last borrowed Copy number Price effective from Koha item type
    Library of Congress Classification     Main Collection ARRUPE LIBRARY ARRUPE LIBRARY   27/02/2013 9 B187.5.O82 2004 46406727 10/09/2024 23/08/2024 1 27/02/2013 Monograph ( Printed materials)

 

Arrupe Library. PO Box MP320 Mt Pleasant, Harare, Zimbabwe
263 242 745411|librarian@aju.ac.zw